MARC details
| 000 -LEADER |
| campo de control de longitud fija |
01914nam a2200433 i 4500 |
| 001 - NÚMERO DE CONTROL |
| campo de control |
175461 |
| 003 - IDENTIFICADOR DE NÚMERO DE CONTROL |
| campo de control |
ES-MaACL |
| 005 - FECHA Y HORA DE LA ÚLTIMA TRANSACCIÓN |
| campo de control |
20250902003549.0 |
| 008 - DATOS DE LONGITUD FIJA--INFORMACIÓN GENERAL |
| campo de control de longitud fija |
101028s2009 sp o |||| |dspa d |
| 015 ## - NÚMERO DE BIBLIOGRAFÍA NACIONAL |
| Número de bibliografía nacional |
MON09 |
| 017 ## - NÚMERO DE COPYRIGHT O DE DEPÓSITO LEGAL |
| Número de copyright o de depósito legal |
M 2762-2009 |
| Agencia que asigna |
Oficina Depósito Legal Madrid |
| 020 ## - NÚMERO INTERNACIONAL ESTÁNDAR DEL LIBRO |
| Número Internacional Estándar del Libro |
9788461290536 |
| 035 ## - NÚMERO DE CONTROL DEL SISTEMA |
| Número de control de sistema |
(OCoLC)733611286 |
| 035 ## - NÚMERO DE CONTROL DEL SISTEMA |
| Número de control de sistema |
a4530105 |
| 040 ## - FUENTE DE CATALOGACIÓN |
| Centro catalogador/agencia de origen |
SpMaBN |
| Lengua de catalogación |
spa |
| Centro/agencia transcriptor |
SpMaBN |
| Normas de descripción |
rdc |
| Centro/agencia modificador |
ES-MaACL |
| 080 ## - NÚMERO DE LA CLASIFICACIÓN DECIMAL UNIVERSAL |
| Número de la Clasificación Decimal Universal |
913(460.27 M.-21 Las Cortes)(084) |
| 245 00 - MENCIÓN DEL TÍTULO |
| Título |
Exposición Concurso Fotográfico : |
| Resto del título |
del 30 de enero al 22 de febrero 2009, Ateneo de Madrid |
| 246 1# - FORMA VARIANTE DEL TITULO |
| Título propio/Titulo breve |
Exposición Concurso Fotográfico 2008 : |
| Resto del título |
Barrio de las Letras |
| 260 ## - PUBLICACIÓN, DISTRIBUCIÓN, ETC. |
| Lugar de publicación, distribución, etc. |
Madrid : |
| Nombre del editor, distribuidor, etc. |
Asociación de Comerciantes Barrio de las Letras, |
| Fecha de publicación, distribución, etc. |
2009 |
| 300 ## - DESCRIPCIÓN FÍSICA |
| Extensión |
[40] páginas, [3] hojas de láminas : |
| Otras características físicas |
fotos (blanco y negro y color) ; |
| Dimensiones |
19 x 19 cm |
| 336 ## - TIPO DE CONTENIDO |
| Fuente |
rdacontent |
| Término de tipo de contenido |
texto |
| 337 ## - TIPO DE MEDIO |
| Fuente |
rdamedia |
| Nombre/término del tipo de medio |
sin mediación |
| 338 ## - TIPO DE SOPORTE |
| Fuente |
rdacarrier |
| Nombre/término del tipo de soporte |
volumen |
| 500 ## - NOTA GENERAL |
| Nota general |
Recoge las 33 fotografías de la muestra exhibida en el Ateneo de Madrid |
| 610 24 - PUNTO DE ACCESO ADICIONAL DE MATERIA--NOMBRE DE ENTIDAD CORPORATIVA |
| Nombre de entidad corporativa o nombre de jurisdicción como elemento de entrada |
Ateneo de Madrid- |
| Subdivisión de forma |
Exposiciones- |
| Subdivisión cronológica |
2001-2009 |
| 9 (RLIN) |
1924 |
| 650 #4 - PUNTO DE ACCESO ADICIONAL DE MATERIA--TÉRMINO DE MATERIA |
| Término de materia o nombre geográfico como elemento de entrada |
Fotografía- |
| Subdivisión geográfica |
Madrid (Comunidad Autónoma)- |
| Subdivisión de forma |
Exposiciones |
| 9 (RLIN) |
173416 |
| 650 #4 - PUNTO DE ACCESO ADICIONAL DE MATERIA--TÉRMINO DE MATERIA |
| Término de materia o nombre geográfico como elemento de entrada |
Fotografía- |
| Subdivisión geográfica |
España- |
| Subdivisión cronológica |
S.XXI- |
| Subdivisión de forma |
Exposiciones |
| 9 (RLIN) |
173415 |
| 651 #4 - PUNTO DE ACCESO ADICIONAL DE MATERIA--NOMBRE GEOGRÁFICO |
| Nombre geográfico |
Las Cortes (Madrid, Barrio) |
| 9 (RLIN) |
155920 |
| 651 #4 - PUNTO DE ACCESO ADICIONAL DE MATERIA--NOMBRE GEOGRÁFICO |
| Nombre geográfico |
Madrid (Comunidad Autónoma)- |
| Subdivisión de forma |
Exposiciones |
| 9 (RLIN) |
173411 |
| 655 #7 - TERMINO DE INDIZACIÓN--GENERO/FORMA |
| Datos o término principal de género/forma |
Catálogos de exposiciones |
| Fuente del término |
tgfbne |
| 9 (RLIN) |
193628 |
| 710 2# - ENTRADA AGREGADA--NOMBRE DE ENTIDAD CORPORATIVA |
| Nombre de entidad corporativa o nombre de jurisdicción como elemento de entrada |
Ateneo de Madrid |
| Término indicativo de función/relación |
Sede |
| 9 (RLIN) |
1875 |
| 710 2# - ENTRADA AGREGADA--NOMBRE DE ENTIDAD CORPORATIVA |
| Nombre de entidad corporativa o nombre de jurisdicción como elemento de entrada |
Asociación de Comerciantes, Autónomos y Pequeñas Empresas del Barrio de las Letras |
| Término indicativo de función/relación |
Editor |
| 9 (RLIN) |
241578 |
| 852 ## - LOCALIZACIÓN |
| Ubicación |
ES-MaACL |
| Ubicación en estantería |
Depósito folletos |
| Número de control de estantería |
2283-F-1 |
| itemnumber |
182198 |
| 852 ## - LOCALIZACIÓN |
| Ubicación |
ES-MaACL |
| Ubicación en estantería |
Depósito 2 |
| Donativo/Legado |
Donación: Asociación de Comerciantes Barrio de las Letras |
| Número de control de estantería |
N-8925 |
| itemnumber |
204802 |
| 942 ## - ELEMENTOS DE ENTRADA SECUNDARIOS (KOHA) |
| Fuente del sistema de clasificación o colocación |
Clasificación decimal universal |
| Tipo de ítem Koha |
Libro impreso |
| Suprimir en OPAC |
No |